Rovné příležitosti žen a mužů ve výuce a vědě na vysokých školách a vyšších odborných školách v České republice
Hľadanie ciest a možností pre trvalé zlepšovanie situácie rovnosti mužov a žien pôsobiacich v terciárnom vzdelávaní a odstraňovanie prekážok v tejto oblasti. Prieskum na problematiku rovného prístupu žien ku vzdelaniu a k výskumnej činnosti. Výberový súbor vysokých škôl. Používanie informačných a k...
Gespeichert in:
| 1. Verfasser: | |
|---|---|
| Weitere Verfasser: | , |
| Format: | Buchkapitel |
| Sprache: | Tschechisch |
| Schlagworte: | |
| Tags: |
Keine Tags, Fügen Sie das erste Tag hinzu!
|
MARC
| LEADER | 00000naa$a2200000$$$4500 | ||
|---|---|---|---|
| 001 | 0054890 | ||
| 005 | 20230919104550.5 | ||
| 041 | 0 | |a cze | |
| 044 | |a CZ | ||
| 245 | 1 | 0 | |a Rovné příležitosti žen a mužů ve výuce a vědě na vysokých školách a vyšších odborných školách v České republice |c Drahomíra Kraťková, Jana Motyková, Jarmila Baštová |
| 520 | |a Hľadanie ciest a možností pre trvalé zlepšovanie situácie rovnosti mužov a žien pôsobiacich v terciárnom vzdelávaní a odstraňovanie prekážok v tejto oblasti. Prieskum na problematiku rovného prístupu žien ku vzdelaniu a k výskumnej činnosti. Výberový súbor vysokých škôl. Používanie informačných a komunikačných technológií pri výuke a prieskumu. | ||
| 610 | 2 | 0 | |a Česko |
| 610 | 2 | 0 | |a školy vysoké |
| 610 | 2 | 0 | |a prieskum informačný |
| 610 | 2 | 0 | |a zamestnanci |
| 610 | 2 | 0 | |a mzdy |
| 610 | 2 | 0 | |a kvalifikácia |
| 610 | 2 | 0 | |a technológie informačné |
| 610 | 2 | 0 | |a technológie komunikačné |
| 100 | 1 | |a Kraťková, Drahomíra | |
| 700 | 1 | |a Motyková, Jana | |
| 700 | 1 | |a Baštová, Jarmila | |